000
00328nam a22001337a 4500
008
171218b xxu||||| |||| 00| 0 eng d
020
_a
9780683303551
041
_a
eng
080
_2
6TH
_a
61
100
_a
3
101
_a
SHM
245
_a
ACSM'S GUIDELINES FOR EXERCISE TESTING AND PRESCRIPTION
_c
WILLIAMS,L
942
_2
udc
_c
BK
999
_c
39083
_d
39083